| 000 | 00885nam a2200241Ia 4500 | ||
|---|---|---|---|
| 003 | OSt | ||
| 005 | 20220923224111.0 | ||
| 006 | a|||||r|||| 00| 0 | ||
| 007 | ta | ||
| 008 | 220922b |||||||| |||| 00| 0 hin d | ||
| 024 | _a225,638 | ||
| 037 | _cTextual | ||
| 040 |
_aARTS _cARTS _bhin |
||
| 041 |
_2hin _ahin |
||
| 082 | _aN915wM89,1, 152P4 | ||
| 100 |
_aचतुर्वेेदी, गीता, अनु. _9157386 |
||
| 245 | 0 | _aबींसवी सदी के महान अभिनेता चार्ली चेप्लिन | |
| 246 | _aBīansavī sadī ke hinān abhinetā chārlī cheplina | ||
| 260 |
_aमुंबई _b संवाद प्रकाशन _c2004 |
||
| 300 |
_a303पृ. _ccm. |
||
| 942 |
_hN915wM89,1, 152P4 _cTEXL _2CC |
||
| 999 |
_c369230 _d369230 |
||